| 000 | 00563nam a2200193Ia 4500 | ||
|---|---|---|---|
| 008 | 191130s2009##################000#0#eng## | ||
| 020 | _a9780335221974 | ||
| 040 |
_aACL _cACL |
||
| 082 | _a004 CRE | ||
| 245 |
_aDigital Cultures : understanding new media _cedited by Glen Creeber and Royston Martin |
||
| 260 |
_aMaidenhead _c2009 |
||
| 300 | _axii, 205 p. ; 24 cm | ||
| 650 | _aDigital media - Social aspects | ||
| 700 | _aCreeber, Glen | ||
| 700 | _aMartin, Royston | ||
| 990 | _aec4d4aeeac10000c3bbe3000014a2f80 | ||
| 991 | _a12834 | ||
| 999 |
_c150116 _d150116 |
||